Lucia (20): Už to nebola tá "rodina"

Bibliographic Details
Main Author: Verlík, Jaroslav (Author)
Format: Article
Language:Slovak
PhysicalDescription:Fotogr.
Subjects:

MARC

LEADER 00000nab a2200000 ar4500
001 vtls008418679
003 SK-MaSNL
005 20260303070049.0
008 051215c20051214xo wr|p|||||||000 b|slo
038 |a RVGKPD 
040 |a RVGKPD  |b slo  |c RVGKPD  |e AACR2 
041 0 |a slo 
044 |a xo  |c SK 
080 |a 929 Liptáková, Lucia  |2 UDC-MRF-SK2 
100 1 |a Verlík, Jaroslav  |4 aut  |9 275109 
245 1 0 |a Lucia (20): Už to nebola tá "rodina"  |c Jaroslav Verlík 
300 |b Fotogr. 
600 1 7 |a Liptáková, Lucia,  |d 1985-   |2 rvgkpd  |9 79267 
651 7 |a Rožňava (Slovensko)  |2 rvgkpd  |9 17394 
773 0 |t GEMERinfo  |g Roč. I, č. 15 (14.12.2005), s. 1, 4 
852 |a RVGKPD  |b KIS3G 
992 |a RBX 
999 |c 1753765  |d 1755695